<?xml version="1.0" encoding="UTF-8"?>
<record
    xmlns:xsi="http://www.w3.org/2001/XMLSchema-instance"
    xsi:schemaLocation="http://www.loc.gov/MARC21/slim http://www.loc.gov/standards/marcxml/schema/MARC21slim.xsd"
    xmlns="http://www.loc.gov/MARC21/slim">

  <leader>01217    a2200253   4500</leader>
  <controlfield tag="001">109818</controlfield>
  <datafield tag="020" ind1=" " ind2=" ">
    <subfield code="a">9788539500000</subfield>
  </datafield>
  <datafield tag="020" ind1=" " ind2=" ">
    <subfield code="q">(broch.)</subfield>
  </datafield>
  <datafield tag="041" ind1=" " ind2=" ">
    <subfield code="a">por</subfield>
  </datafield>
  <datafield tag="082" ind1=" " ind2=" ">
    <subfield code="a">028.5</subfield>
  </datafield>
  <datafield tag="100" ind1=" " ind2=" ">
    <subfield code="a">Garlando, Luigi.</subfield>
  </datafield>
  <datafield tag="240" ind1="1" ind2="0">
    <subfield code="a">T&#xED;tulo original: Gol 01: calcio d'inizio</subfield>
  </datafield>
  <datafield tag="300" ind1=" " ind2=" ">
    <subfield code="a">141p.</subfield>
  </datafield>
  <datafield tag="520" ind1=" " ind2=" ">
    <subfield code="a">As aventuras, os desafios e os sonhos de uma galera apaixonada por futebol!Tomi &#xE9; extraordin&#xE1;rio no futebol! Pena que quase ningu&#xE9;m sabe disso... Mas quando Gaston Champignon, ex-meio-campista e chef franc&#xEA;s, v&#xEA; a habilidade do garoto com os p&#xE9;s, tudo come&#xE7;a a mudar. Gaston decide realizar um antigo sonho: montar um time em que todos possam participar do jogo e se divertir para valer! O &#xFA;nico requisito para fazer parte da equipe &#xE9; ter muita garra. E, ent&#xE3;o, voc&#xEA; est&#xE1; preparado para entrar em campo com essa turma?</subfield>
  </datafield>
  <datafield tag="521" ind1=" " ind2=" ">
    <subfield code="a">Year 4</subfield>
  </datafield>
  <datafield tag="697" ind1=" " ind2=" ">
    <subfield code="a">Literatura infantojuvenil.</subfield>
  </datafield>
  <datafield tag="856" ind1=" " ind2=" ">
    <subfield code="u">000003/000003c2.jpg</subfield>
  </datafield>
  <datafield tag="040" ind1=" " ind2=" ">
    <subfield code="a">BR-BrIDEA</subfield>
    <subfield code="c">BR-BrIDEA</subfield>
  </datafield>
  <datafield tag="090" ind1=" " ind2=" ">
    <subfield code="a">P Year 4 028</subfield>
    <subfield code="b">GAR</subfield>
  </datafield>
  <datafield tag="245" ind1="1" ind2="0">
    <subfield code="a">Gol</subfield>
    <subfield code="b">o pontap&#xE9; inicial</subfield>
    <subfield code="c">Luigi Garlando; ilustra&#xE7;&#xF5;es de Stefano Turconi</subfield>
  </datafield>
  <datafield tag="260" ind1=" " ind2=" ">
    <subfield code="a">S&#xE3;o Paulo</subfield>
    <subfield code="b">Fundamento Educacional</subfield>
    <subfield code="c">2010</subfield>
  </datafield>
  <datafield tag="700" ind1=" " ind2=" ">
    <subfield code="a">Turconi, Stefano</subfield>
    <subfield code="e">ilustrador</subfield>
  </datafield>
  <datafield tag="942" ind1=" " ind2=" ">
    <subfield code="c">BK</subfield>
  </datafield>
  <datafield tag="952" ind1=" " ind2=" ">
    <subfield code="0">0</subfield>
    <subfield code="1">0</subfield>
    <subfield code="2">ddc</subfield>
    <subfield code="4">0</subfield>
    <subfield code="7">0</subfield>
    <subfield code="a">12.28</subfield>
    <subfield code="b">12.28</subfield>
    <subfield code="d">2020-12-30</subfield>
    <subfield code="l">9</subfield>
    <subfield code="o">P Year 4 028 GAR</subfield>
    <subfield code="p">00052706SSW</subfield>
    <subfield code="r">2024-06-20 11:38:33</subfield>
    <subfield code="s">2024-06-13</subfield>
    <subfield code="w">2024-01-23</subfield>
    <subfield code="y">BK</subfield>
  </datafield>
  <datafield tag="952" ind1=" " ind2=" ">
    <subfield code="0">0</subfield>
    <subfield code="1">0</subfield>
    <subfield code="2">ddc</subfield>
    <subfield code="4">0</subfield>
    <subfield code="7">0</subfield>
    <subfield code="a">12.28</subfield>
    <subfield code="b">12.28</subfield>
    <subfield code="d">2020-12-30</subfield>
    <subfield code="l">1</subfield>
    <subfield code="o">P Year 4 028 GAR</subfield>
    <subfield code="p">00052707SSW</subfield>
    <subfield code="q">2024-03-30</subfield>
    <subfield code="r">2024-01-30 19:04:13</subfield>
    <subfield code="s">2024-01-30</subfield>
    <subfield code="w">2024-01-23</subfield>
    <subfield code="y">BK</subfield>
  </datafield>
  <datafield tag="952" ind1=" " ind2=" ">
    <subfield code="0">0</subfield>
    <subfield code="1">0</subfield>
    <subfield code="2">ddc</subfield>
    <subfield code="4">0</subfield>
    <subfield code="7">0</subfield>
    <subfield code="a">12.28</subfield>
    <subfield code="b">12.28</subfield>
    <subfield code="d">2020-12-30</subfield>
    <subfield code="l">1</subfield>
    <subfield code="o">P Year 4 028 GAR</subfield>
    <subfield code="p">00052708SSW</subfield>
    <subfield code="q">2024-03-30</subfield>
    <subfield code="r">2024-01-30 19:27:59</subfield>
    <subfield code="s">2024-01-30</subfield>
    <subfield code="w">2024-01-23</subfield>
    <subfield code="y">BK</subfield>
  </datafield>
  <datafield tag="952" ind1=" " ind2=" ">
    <subfield code="0">0</subfield>
    <subfield code="1">0</subfield>
    <subfield code="2">ddc</subfield>
    <subfield code="4">0</subfield>
    <subfield code="7">0</subfield>
    <subfield code="a">12.27</subfield>
    <subfield code="b">12.27</subfield>
    <subfield code="d">2021-04-22</subfield>
    <subfield code="l">4</subfield>
    <subfield code="o">AP Year 4 028 GAR</subfield>
    <subfield code="p">00054106AGC</subfield>
    <subfield code="r">2024-06-18 11:50:04</subfield>
    <subfield code="s">2024-06-18</subfield>
    <subfield code="w">2024-01-23</subfield>
    <subfield code="y">BK</subfield>
  </datafield>
  <datafield tag="952" ind1=" " ind2=" ">
    <subfield code="0">0</subfield>
    <subfield code="1">0</subfield>
    <subfield code="2">ddc</subfield>
    <subfield code="4">0</subfield>
    <subfield code="7">0</subfield>
    <subfield code="a">12.27</subfield>
    <subfield code="b">12.27</subfield>
    <subfield code="d">2020-11-03</subfield>
    <subfield code="l">0</subfield>
    <subfield code="o">AP Year 4 028 GAR</subfield>
    <subfield code="p">00050313AGC</subfield>
    <subfield code="r">2024-01-23 14:42:35</subfield>
    <subfield code="w">2024-01-23</subfield>
    <subfield code="y">BK</subfield>
  </datafield>
  <datafield tag="952" ind1=" " ind2=" ">
    <subfield code="0">0</subfield>
    <subfield code="1">0</subfield>
    <subfield code="2">ddc</subfield>
    <subfield code="4">0</subfield>
    <subfield code="7">0</subfield>
    <subfield code="a">12.27</subfield>
    <subfield code="b">12.27</subfield>
    <subfield code="d">2020-11-03</subfield>
    <subfield code="l">2</subfield>
    <subfield code="o">AP Year 4 028 GAR</subfield>
    <subfield code="p">00050314AGC</subfield>
    <subfield code="r">2024-06-20 18:25:26</subfield>
    <subfield code="s">2024-06-12</subfield>
    <subfield code="w">2024-01-23</subfield>
    <subfield code="y">BK</subfield>
  </datafield>
  <datafield tag="952" ind1=" " ind2=" ">
    <subfield code="0">0</subfield>
    <subfield code="1">0</subfield>
    <subfield code="2">ddc</subfield>
    <subfield code="4">0</subfield>
    <subfield code="7">0</subfield>
    <subfield code="a">12.28</subfield>
    <subfield code="b">12.28</subfield>
    <subfield code="d">2020-02-12</subfield>
    <subfield code="l">1</subfield>
    <subfield code="o">P Year 4 028 GAR</subfield>
    <subfield code="p">00048542SSW</subfield>
    <subfield code="q">2024-03-30</subfield>
    <subfield code="r">2024-01-30 19:30:25</subfield>
    <subfield code="s">2024-01-30</subfield>
    <subfield code="w">2024-01-23</subfield>
    <subfield code="y">BK</subfield>
  </datafield>
  <datafield tag="952" ind1=" " ind2=" ">
    <subfield code="0">0</subfield>
    <subfield code="1">0</subfield>
    <subfield code="2">ddc</subfield>
    <subfield code="4">0</subfield>
    <subfield code="7">0</subfield>
    <subfield code="a">12.27</subfield>
    <subfield code="b">12.27</subfield>
    <subfield code="d">2022-05-27</subfield>
    <subfield code="l">0</subfield>
    <subfield code="o">AP Year 4 028 GAR</subfield>
    <subfield code="p">00058687AGC</subfield>
    <subfield code="r">2024-01-23 14:42:35</subfield>
    <subfield code="w">2024-01-23</subfield>
    <subfield code="y">BK</subfield>
  </datafield>
  <datafield tag="952" ind1=" " ind2=" ">
    <subfield code="0">0</subfield>
    <subfield code="1">0</subfield>
    <subfield code="2">ddc</subfield>
    <subfield code="4">0</subfield>
    <subfield code="7">0</subfield>
    <subfield code="a">12.27</subfield>
    <subfield code="b">12.27</subfield>
    <subfield code="d">2023-02-16</subfield>
    <subfield code="l">2</subfield>
    <subfield code="o">AP Year 4 028 GAR</subfield>
    <subfield code="p">00060085AGC</subfield>
    <subfield code="r">2024-05-22 15:44:30</subfield>
    <subfield code="s">2024-05-20</subfield>
    <subfield code="w">2024-01-23</subfield>
    <subfield code="y">BK</subfield>
  </datafield>
  <datafield tag="952" ind1=" " ind2=" ">
    <subfield code="0">0</subfield>
    <subfield code="1">0</subfield>
    <subfield code="2">ddc</subfield>
    <subfield code="4">0</subfield>
    <subfield code="7">0</subfield>
    <subfield code="a">12.28</subfield>
    <subfield code="b">12.28</subfield>
    <subfield code="d">2016-10-07</subfield>
    <subfield code="l">1</subfield>
    <subfield code="o">P Year 5 028</subfield>
    <subfield code="p">00024751SSW</subfield>
    <subfield code="q">2024-03-30</subfield>
    <subfield code="r">2024-01-30 15:07:08</subfield>
    <subfield code="s">2024-01-30</subfield>
    <subfield code="w">2024-01-23</subfield>
    <subfield code="y">BK</subfield>
  </datafield>
  <datafield tag="952" ind1=" " ind2=" ">
    <subfield code="0">0</subfield>
    <subfield code="1">0</subfield>
    <subfield code="2">ddc</subfield>
    <subfield code="4">0</subfield>
    <subfield code="7">0</subfield>
    <subfield code="a">12.28</subfield>
    <subfield code="b">12.28</subfield>
    <subfield code="d">2017-02-07</subfield>
    <subfield code="l">1</subfield>
    <subfield code="o">P Year 4 028</subfield>
    <subfield code="p">00027824SSW</subfield>
    <subfield code="q">2024-03-30</subfield>
    <subfield code="r">2024-01-30 19:15:00</subfield>
    <subfield code="s">2024-01-30</subfield>
    <subfield code="w">2024-01-23</subfield>
    <subfield code="y">BK</subfield>
  </datafield>
  <datafield tag="952" ind1=" " ind2=" ">
    <subfield code="0">0</subfield>
    <subfield code="1">0</subfield>
    <subfield code="2">ddc</subfield>
    <subfield code="4">0</subfield>
    <subfield code="7">0</subfield>
    <subfield code="a">12.28</subfield>
    <subfield code="b">12.28</subfield>
    <subfield code="d">2015-12-16</subfield>
    <subfield code="l">1</subfield>
    <subfield code="o">P Year 4 028</subfield>
    <subfield code="p">00019088SSW</subfield>
    <subfield code="q">2024-03-30</subfield>
    <subfield code="r">2024-01-30 19:20:53</subfield>
    <subfield code="s">2024-01-30</subfield>
    <subfield code="w">2024-01-23</subfield>
    <subfield code="y">BK</subfield>
  </datafield>
  <datafield tag="952" ind1=" " ind2=" ">
    <subfield code="0">0</subfield>
    <subfield code="1">0</subfield>
    <subfield code="2">ddc</subfield>
    <subfield code="4">0</subfield>
    <subfield code="7">0</subfield>
    <subfield code="a">12.27</subfield>
    <subfield code="b">12.27</subfield>
    <subfield code="d">2016-10-07</subfield>
    <subfield code="l">2</subfield>
    <subfield code="o">AP Year 5 028 GAR</subfield>
    <subfield code="p">00024749AGC</subfield>
    <subfield code="r">2024-06-21 20:20:30</subfield>
    <subfield code="s">2024-06-14</subfield>
    <subfield code="w">2024-01-23</subfield>
    <subfield code="y">BK</subfield>
  </datafield>
  <datafield tag="952" ind1=" " ind2=" ">
    <subfield code="0">0</subfield>
    <subfield code="1">0</subfield>
    <subfield code="2">ddc</subfield>
    <subfield code="4">0</subfield>
    <subfield code="7">0</subfield>
    <subfield code="a">12.28</subfield>
    <subfield code="b">12.28</subfield>
    <subfield code="d">2018-05-28</subfield>
    <subfield code="l">4</subfield>
    <subfield code="o">P Year 4 028</subfield>
    <subfield code="p">00037010SSW</subfield>
    <subfield code="r">2024-05-08 15:24:57</subfield>
    <subfield code="s">2024-05-02</subfield>
    <subfield code="w">2024-01-23</subfield>
    <subfield code="y">BK</subfield>
  </datafield>
  <datafield tag="952" ind1=" " ind2=" ">
    <subfield code="0">0</subfield>
    <subfield code="1">0</subfield>
    <subfield code="2">ddc</subfield>
    <subfield code="4">0</subfield>
    <subfield code="7">0</subfield>
    <subfield code="a">12.28</subfield>
    <subfield code="b">12.28</subfield>
    <subfield code="d">2016-10-07</subfield>
    <subfield code="l">6</subfield>
    <subfield code="o">P Year 5 028</subfield>
    <subfield code="p">00024750SSW</subfield>
    <subfield code="r">2024-06-17 20:01:23</subfield>
    <subfield code="s">2024-05-27</subfield>
    <subfield code="w">2024-01-23</subfield>
    <subfield code="y">BK</subfield>
  </datafield>
  <datafield tag="952" ind1=" " ind2=" ">
    <subfield code="0">0</subfield>
    <subfield code="1">0</subfield>
    <subfield code="2">ddc</subfield>
    <subfield code="4">0</subfield>
    <subfield code="7">0</subfield>
    <subfield code="a">12.28</subfield>
    <subfield code="b">12.28</subfield>
    <subfield code="d">2015-12-16</subfield>
    <subfield code="l">1</subfield>
    <subfield code="o">P Year 4 028</subfield>
    <subfield code="p">00019087SSW</subfield>
    <subfield code="q">2024-03-30</subfield>
    <subfield code="r">2024-01-30 19:06:34</subfield>
    <subfield code="s">2024-01-30</subfield>
    <subfield code="w">2024-01-23</subfield>
    <subfield code="y">BK</subfield>
  </datafield>
  <datafield tag="952" ind1=" " ind2=" ">
    <subfield code="0">0</subfield>
    <subfield code="1">0</subfield>
    <subfield code="2">ddc</subfield>
    <subfield code="4">0</subfield>
    <subfield code="7">0</subfield>
    <subfield code="a">12.28</subfield>
    <subfield code="b">12.28</subfield>
    <subfield code="d">2019-03-18</subfield>
    <subfield code="l">1</subfield>
    <subfield code="o">P Year 4 028</subfield>
    <subfield code="p">00043180SSW</subfield>
    <subfield code="q">2024-03-30</subfield>
    <subfield code="r">2024-01-30 19:23:02</subfield>
    <subfield code="s">2024-01-30</subfield>
    <subfield code="w">2024-01-23</subfield>
    <subfield code="y">BK</subfield>
  </datafield>
  <datafield tag="952" ind1=" " ind2=" ">
    <subfield code="0">0</subfield>
    <subfield code="1">0</subfield>
    <subfield code="4">0</subfield>
    <subfield code="7">0</subfield>
    <subfield code="a">80.1</subfield>
    <subfield code="b">80.1</subfield>
    <subfield code="d">2024-02-09</subfield>
    <subfield code="l">1</subfield>
    <subfield code="o">GAR / Reserva t&#xE9;cnica</subfield>
    <subfield code="p">A10633</subfield>
    <subfield code="r">2024-03-19 16:06:48</subfield>
    <subfield code="s">2024-03-13</subfield>
    <subfield code="w">2024-02-09</subfield>
    <subfield code="y">BK</subfield>
  </datafield>
  <datafield tag="952" ind1=" " ind2=" ">
    <subfield code="0">0</subfield>
    <subfield code="1">0</subfield>
    <subfield code="4">0</subfield>
    <subfield code="7">0</subfield>
    <subfield code="a">12.10</subfield>
    <subfield code="b">12.10</subfield>
    <subfield code="d">2024-02-09</subfield>
    <subfield code="l">2</subfield>
    <subfield code="o">GAR / Reserva t&#xE9;cnica</subfield>
    <subfield code="p">A14283</subfield>
    <subfield code="r">2024-04-04 11:43:21</subfield>
    <subfield code="s">2024-04-01</subfield>
    <subfield code="w">2024-02-09</subfield>
    <subfield code="y">BK</subfield>
  </datafield>
  <datafield tag="952" ind1=" " ind2=" ">
    <subfield code="0">0</subfield>
    <subfield code="1">0</subfield>
    <subfield code="4">0</subfield>
    <subfield code="7">0</subfield>
    <subfield code="a">12.10</subfield>
    <subfield code="b">12.10</subfield>
    <subfield code="d">2024-02-09</subfield>
    <subfield code="l">2</subfield>
    <subfield code="o">GAR / Reserva t&#xE9;cnica</subfield>
    <subfield code="p">A31189</subfield>
    <subfield code="r">2024-08-12 13:37:50</subfield>
    <subfield code="s">2024-08-12</subfield>
    <subfield code="w">2024-02-09</subfield>
    <subfield code="y">BK</subfield>
  </datafield>
  <datafield tag="952" ind1=" " ind2=" ">
    <subfield code="0">0</subfield>
    <subfield code="1">0</subfield>
    <subfield code="4">0</subfield>
    <subfield code="7">0</subfield>
    <subfield code="a">80.1</subfield>
    <subfield code="b">80.1</subfield>
    <subfield code="d">2024-02-09</subfield>
    <subfield code="l">0</subfield>
    <subfield code="o">GAR / Reserva t&#xE9;cnica</subfield>
    <subfield code="p">A17339</subfield>
    <subfield code="r">2024-02-09 21:24:48</subfield>
    <subfield code="w">2024-02-09</subfield>
    <subfield code="y">BK</subfield>
  </datafield>
  <datafield tag="952" ind1=" " ind2=" ">
    <subfield code="0">0</subfield>
    <subfield code="1">0</subfield>
    <subfield code="4">0</subfield>
    <subfield code="7">0</subfield>
    <subfield code="a">80.1</subfield>
    <subfield code="b">80.1</subfield>
    <subfield code="d">2024-02-09</subfield>
    <subfield code="l">0</subfield>
    <subfield code="o">GAR / Reserva t&#xE9;cnica</subfield>
    <subfield code="p">A17006</subfield>
    <subfield code="r">2024-02-09 21:24:48</subfield>
    <subfield code="w">2024-02-09</subfield>
    <subfield code="y">BK</subfield>
  </datafield>
  <datafield tag="952" ind1=" " ind2=" ">
    <subfield code="0">0</subfield>
    <subfield code="1">0</subfield>
    <subfield code="2">ddc</subfield>
    <subfield code="4">0</subfield>
    <subfield code="7">0</subfield>
    <subfield code="a">71.1</subfield>
    <subfield code="b">71.1</subfield>
    <subfield code="d">2026-05-25</subfield>
    <subfield code="l">0</subfield>
    <subfield code="o">J G22g ex.1</subfield>
    <subfield code="p">O020032</subfield>
    <subfield code="r">2026-05-25 08:35:40</subfield>
    <subfield code="w">2026-05-25</subfield>
    <subfield code="y">BK</subfield>
    <subfield code="u"></subfield>
  </datafield>
  <datafield tag="999" ind1=" " ind2=" ">
    <subfield code="c">109818</subfield>
    <subfield code="d">109818</subfield>
  </datafield>
</record>
